Sports Quiz

Random Sports or Clickable Quiz

Sport by Maneuver Quiz Stats

 Plays Quiz Updated May 1, 2019

Score 0/20 Timer 05:00
1 Play Today
% Correct
Ice Hockey
92.8%
Boxing
91.8%
Basketball
86.1%
Football (American)
84.7%
Baseball
82.7%
Soccer
81.5%
Tennis
78%
Swimming
75.4%
Weight Lifting
74.2%
Cricket
74.1%
% Correct
Fencing
73.1%
Figure Skating
72.3%
Diving
61.9%
Handball
58.6%
Lacrosse
56.5%
Speed Skating
51.1%
Rowing
42%
Curling
39.6%
Cross-Country Skiing
37.9%
Alpine Skiing
34.3%

You're not logged in!

Compare scores with friends on all Sporcle quizzes.
OR
Log In

Show Comments

Extras

Top Quizzes Today


Score Distribution

Your Account Isn't Verified!

In order to create a playlist on Sporcle, you need to verify the email address you used during registration. Go to your Sporcle Settings to finish the process.

Report this User

Report this user for behavior that violates our Community Guidelines.

Details: